000 00318nam a22001217a 4500
008 180421b xxu||||| |||| 00| 0 eng d
041 _aeng
080 _a043.3
100 _a0
101 _aSHJ-BA
245 _aNocioni dhe Ndarja e Pasurise se Perbashket Familjare -Aspekte Komparative
_cIsmaili, D
942 _2udc
_cBK
999 _c45412
_d45412